Аналитическая геометрия: учебник для втузов

Dades bibliogràfiques
Autor principal: Привалов И. И. Иван Иванович
Idioma:rus
Publicat: Москва, Физматгиз, 1963
Edició:28-е изд., стер.
Matèries:
Format: MixedMaterials Llibre
KOHA link:https://koha.lib.tpu.ru/cgi-bin/koha/opac-detail.pl?biblionumber=66425

MARC

LEADER 00000nam0a2200000 4500
001 66425
005 20231101212247.0
035 |a (RuTPU)RU\TPU\book\70607 
035 |a RU\TPU\book\37291 
090 |a 66425 
100 |a 20040819d1963 m y0rusy50 ca 
101 0 |a rus 
102 |a RU 
105 |a a j 000zy 
200 1 |a Аналитическая геометрия  |e учебник для втузов  |f И. И. Привалов 
205 |a 28-е изд., стер. 
210 |a Москва  |c Физматгиз  |d 1963 
215 |a 272 с.  |c ил. 
451 1 |0 (RuTPU)RU\TPU\book\55173  |t Аналитическая геометрия  |o учебник  |f И. И. Привалов  |e 29-е изд., стер.  |c Москва  |n Наука  |d 1964  |p 272 с.  |a Привалов, Иван Иванович 
451 1 |0 (RuTPU)RU\TPU\book\37291  |t Аналитическая геометрия  |o учебник для втузов  |f И. И. Привалов  |e 27-е изд., перераб. и сокр.  |c Москва  |n Физматгиз  |d 1962  |p 272 с.  |a Привалов, Иван Иванович 
606 |a Аналитическая геометрия  |2 stltpush  |3 (RuTPU)RU\TPU\subj\28991  |9 52410 
610 1 |a плоскости 
610 1 |a пространства 
610 1 |a уравнения 
610 1 |a упражнения 
610 1 |a учебники 
675 |a 514.12(075.8)  |v 3 
700 1 |a Привалов  |b И. И.  |g Иван Иванович 
801 0 |a RU  |b 63413507  |c 20011210  |g PSBO 
801 2 |a RU  |b 63413507  |c 20210618  |g PSBO 
942 |c BK